[Event "9th HDBank Open 2019"]
[Site "Ho Chi Minh City"]
[Date "2019.03.13"]
[Round "9.7"]
[White "Xu, Yi"]
[Black "Nguyen, Van Huy"]
[Result "1/2-1/2"]
[WhiteElo "2520"]
[BlackElo "2428"]
[Annotator "TA"]
[PlyCount "47"]
[EventDate "2019.03.07"]
[EventType "swiss"]
[EventCountry "VIE"]
[SourceTitle "playchess.com"]
[Source "ChessBase"]
[SourceQuality "1"]

{[%evp 13,47,30,38,18,17,8,17,4,31,12,31,0,9,0,0,0,0,0,37,34,48,27,16,16,47,21,23,-10,0,0,15,0,0,-26,-6,-39]} 1. e4 c6 2. d4 d5 3. e5 Bf5 4. Nf3 e6 5. Be2 Bb4+ {[%cal Bf8b4,Bb4a5,Ba5b6][%mdl 32]} 6. c3 {B12: Caro-Kann: Advance Variation} Ba5 7. O-O Nd7 {LiveBook: 45 Games} 8. Ne1 $146 {White is slightly better.} ({Predecessor:} 8. Nbd2 Bc7 9. Re1 h6 10. Nf1 c5 11. Ng3 Bg6 12. b4 c4 13. a4 Ne7 14. Nh4 {1-0 (27) Anand,V (2779)-Mamedyarov,S (2768) Doha 2016}) 8... Ne7 9. f4 Bb6 10. Be3 O-O 11. Nd2 f6 12. Ndf3 fxe5 13. fxe5 c5 14. Nd3 {[%cal Rd3c5]} cxd4 15. cxd4 Ng6 16. Rc1 Rc8 17. Rxc8 Qxc8 18. Qd2 Qd8 19. Nf2 {And now g4 would win.} h6 20. Bd3 Nh4 21. Nxh4 Qxh4 22. Bxf5 Rxf5 23. g3 Qe7 24. Nd3 {Precision: White = 13%, Black = 26%.} 1/2-1/2

[Event "9th HDBank Open 2019"]
[Site "Ho Chi Minh City"]
[Date "2019.03.13"]
[Round "9.8"]
[White "Raghunandan, Kaumandur Srihari"]
[Black "Karthik Venkataraman"]
[Result "0-1"]
[WhiteElo "2352"]
[BlackElo "2494"]
[Annotator "TA"]
[PlyCount "66"]
[EventDate "2019.03.07"]
[EventType "swiss"]
[EventCountry "VIE"]
[SourceTitle "playchess.com"]
[Source "ChessBase"]
[SourceQuality "1"]

{[%evp 12,66,25,23,41,21,41,21,22,22,29,37,38,31,35,22,20,11,16,7,13,0,52,39,52,43,66,0,0,0,0,0,0,-361,-344,-466,-31,-27,-26,-18,-30,-561,-560,-558,-535,-553,-552,-550,-549,-512,-536,-627,-621,-628,-628,-595,-573]} 1. e4 c5 2. Nf3 d6 3. d4 Nf6 4. Nc3 cxd4 5. Nxd4 a6 6. h3 e6 7. g4 Nfd7 {B81: Sicilian Scheveningen: Keres Attack} 8. Be3 Be7 9. g5 b5 {The position is equal.} 10. a3 Bb7 11. h4 Nc6 12. f4 O-O 13. Rh3 Rc8 14. f5 Nxd4 15. Qxd4 {[#]} Nc5 $146 16. Rg3 {And now f6 would win.} exf5 (16... Re8 $11) 17. exf5 $14 {Strongly threatening f6.} Re8 18. O-O-O Bf8 19. Bg2 (19. g6 $14) 19... Bxg2 $11 20. Rxg2 Re4 $1 {[%cal Re4d4]} 21. Qd2 ({Don't play} 21. Nxe4 Nb3+ 22. Kb1 Nxd4 $17) 21... b4 $1 {[%cal Rb4c3]} 22. Bxc5 $4 {[%mdl 8192]} (22. Nxe4 $2 Nb3+ 23. Kb1 Nxd2+ 24. Rgxd2 bxa3 $19) (22. axb4 $11 Rxb4 23. Qd5) 22... bxc3 $19 23. Qd5 Re5 $2 (23... dxc5 $19 24. bxc3 Qxd5 25. Rxd5 Rxh4) 24. Qxe5 $1 $15 dxe5 25. Rxd8 Rxd8 26. Bxf8 $2 {[%mdl 8192] [#]} (26. b4 $1 $11 {and White is okay.}) 26... Rd1+ $1 $19 {[%mdl 576] Deflection. Black is clearly winning.} 27. Kxd1 cxb2 {[%mdl 4096] Endgame} 28. Kd2 {aiming for Rg1.} b1=Q 29. Bb4 Qf1 30. Re2 Qxf5 31. c4 Qf4+ {[%mdl 64] Double Attack} 32. Kd1 Qxc4 33. Rc2 Qg4+ {Accuracy: White = 38%, Black = 71%.} 0-1

[Event "9th HDBank Open 2019"]
[Site "Ho Chi Minh City"]
[Date "2019.03.13"]
[Round "9.9"]
[White "Nguyen, Anh Khoi"]
[Black "Nandhidhaa, P V"]
[Result "1/2-1/2"]
[WhiteElo "2484"]
[BlackElo "2240"]
[Annotator "TA"]
[PlyCount "128"]
[EventDate "2019.03.07"]
[EventType "swiss"]
[EventCountry "VIE"]
[SourceTitle "playchess.com"]
[Source "ChessBase"]
[SourceQuality "1"]

{[%evp 20,128,15,0,18,16,27,31,63,57,87,43,69,56,48,41,37,34,36,33,71,32,45,40,93,43,102,61,69,47,167,71,87,68,68,67,70,77,73,69,75,75,72,68,72,83,119,67,67,67,67,67,67,67,79,68,92,58,82,72,94,68,50,25,32,0,14,11,6,0,0,0,0,0,0,0,0,0,0,0,0,0,0,0,0,0,0,0,0,0,0,0,0,0,0,0,0,0,13,0,0,-70,-70,-70,-59,-61,0,-62,0,-57,0]} 1. d4 Nf6 2. c4 e6 3. g3 d5 4. Nf3 Bb4+ 5. Bd2 Be7 6. Bg2 O-O 7. O-O c6 8. Qc2 b6 9. Rd1 Nbd7 10. b3 Ba6 11. a4 c5 {E15: Queen's Indian: 4 g3 sidelines, 4 g3 Ba6 and 4 g3 Bb7 early deviations} (11... Qc8 12. Na3 c5 13. cxd5 Nxd5 14. Nc4 Bb7 15. dxc5 Nxc5 16. Rac1 Nf6 17. b4 Nce4 18. Be1 Qe8 19. Ng5 Nxg5 20. Bxb7 {1-0 (35) Matlakov,M (2704)-Zhou,J (2624) Qinhuangdao 2018}) 12. cxd5 exd5 13. Nc3 Rc8 {White is slightly better.} 14. Nb5 $146 ({Predecessor:} 14. Qb2 Nb8 15. Be3 Nc6 16. h3 Nb4 17. Rac1 Qd7 18. g4 h6 19. Nh2 {1-0 (47) Tarasov,A (2309)-Dimitrova,A (2126) Voronezh 2015}) 14... cxd4 15. Qf5 g6 16. Qb1 Nc5 17. Bh3 Ne6 18. Nfxd4 Nxd4 19. Nxd4 Rc7 20. Bf4 Bd6 21. Bg5 Qe7 (21... Be5 $14) 22. Ra2 Kg7 (22... Rc5 $14) 23. Rc2 Rxc2 24. Qxc2 h6 ({Black should try} 24... Re8 $14) 25. Bc1 (25. Nc6 $18 {and the rest is easy.} Qc7 26. Bxf6+ Kxf6 27. b4 (27. Rxd5 Kg7 $16)) 25... Ba3 26. Bxa3 Qxa3 27. Qc3 Qd6 28. Rc1 Re8 29. e3 Re7 30. Bg2 Kh7 31. Qc6 Qxc6 32. Rxc6 Ne4 {[#]} 33. b4 ({Better is} 33. a5 $1 $16) 33... Bb7 $14 34. Rc2 Kg7 35. h4 h5 36. Bf1 a6 37. Bd3 Kf6 38. Kg2 Rd7 39. Kf3 Ke5 40. Ke2 Kd6 41. Nf3 Re7 42. Nd2 Nxd2 43. Kxd2 $11 {[%mdl 4096] Endgame KRB-KRB} Bc6 44. Ra2 a5 45. b5 Bd7 46. Rc2 Re8 47. Kc3 Kc5 48. Rd2 Be6 49. Bc2 Rc8 50. Bb3 Kd6+ 51. Kb2 Ke5 52. Rd4 Rc5 53. Bc2 Bf5 54. Bd1 Be6 55. Be2 Bf5 {[#] And now ...Rc2+ would win.} 56. Bd1 Be6 57. Bb3 Kf6 58. Rd3 Ke5 59. Rd2 Ke4 60. Bc2+ (60. Bd1 $11) 60... Kf3 $1 $15 61. Bd1+ Kg2 $1 62. Bb3 Kf3 (62... Rc8 $15) 63. Ba2 (63. Bd1+ $11 Kg2 64. Bc2) 63... Kg2 64. Bb3 Kf3 {Accuracy: White = 39%, Black = 55%.} (64... Rc7 $15) 1/2-1/2

[Event "9th HDBank Open 2019"]
[Site "Ho Chi Minh City"]
[Date "2019.03.13"]
[Round "9.10"]
[White "Miciano, John Marvin"]
[Black "Nguyen, Anh Dung"]
[Result "0-1"]
[WhiteElo "2317"]
[BlackElo "2458"]
[Annotator "TA"]
[PlyCount "86"]
[EventDate "2019.03.07"]
[EventType "swiss"]
[EventCountry "VIE"]
[SourceTitle "playchess.com"]
[Source "ChessBase"]
[SourceQuality "1"]

{[%evp 9,86,16,14,18,23,8,13,16,18,16,16,7,9,6,22,16,30,-4,-11,-14,-9,-9,0,-11,-8,-13,-1,-7,-7,-7,0,-18,-18,-18,-18,-18,-18,-33,-15,-26,-26,-60,-60,-60,-41,-59,-39,-79,-77,-69,-52,-97,-78,-95,-95,-95,-95,-93,0,-81,-91,-104,-103,-92,-85,-138,-138,-139,-137,-143,-128,-139,-137,-160,-154,-155,-154,-702,-702]} 1. d4 d5 2. c4 c6 3. e3 Nf6 4. Nf3 Bf5 5. Nh4 (5. Nc3 a6 6. Bd3 Bxd3 7. Qxd3 e6 8. e4 dxe4 9. Nxe4 Nxe4 10. Qxe4 Bb4+ 11. Kf1 Be7 12. g3 Nd7 13. Kg2 O-O {½-½ (39) Vidit,S (2695)-Andreikin,D (2725) chess.com INT 2019}) 5... Bxb1 6. Rxb1 {D12: Slav Defence: 3 Nf3 Nf6 4 e3 Bf5} e6 7. Bd2 Ne4 8. Nf3 {The position is equal.} Nd7 9. Bd3 Bd6 10. Qb3 $146 ({Predecessor:} 10. O-O O-O 11. Be1 Re8 12. Qb3 Rb8 {½-½ (29) Moiseev,S (2429)-Baciak,M (2202) ICCF email 2015}) 10... Nxd2 11. Nxd2 Rb8 12. O-O O-O 13. e4 {[%cal Rc4d5]} dxe4 14. Bxe4 e5 15. dxe5 Nxe5 16. Nf3 Qf6 {[#] Threatens to win with ...Qf4.} 17. g3 g6 18. Kg2 Rfd8 19. Qc3 Kg7 20. Rbd1 Nxf3 21. Qxf6+ Kxf6 22. Bxf3 a5 23. b3 Bc5 24. Be4 Re8 25. Bd3 Rbd8 26. Kf3 Bb4 27. h4 Rd4 28. a4 Red8 29. Ke2 h5 30. Ke3 R8d6 31. Ke2 Ke7 32. Ke3 Bc5 {White must now prevent ...Rxd3+.} 33. Ke2 Bb4 34. Ke3 Kd8 35. Be2 Bd2+ 36. Kf3 Kc7 37. Rb1 ({Better is} 37. c5 R6d5 38. Bc4 Rxc5 39. Bxf7) 37... Kb6 $17 38. Rb2 Kc5 39. Rfb1 Bb4 40. Rc2 Rd2 41. Rbb2 {[#]} Bc3 $1 {[%mdl 512]} 42. Rxd2 (42. Rxc3 Rxb2) 42... Bxd2 43. Bd1 $2 (43. Kg2 $17) 43... Bc1 {[%mdl 64] Discovered Attack. Accuracy: White = 50%, Black = 64%.} 0-1

[Event "9th HDBank Open 2019"]
[Site "Ho Chi Minh City"]
[Date "2019.03.13"]
[Round "9.11"]
[White "Xu, Minghui"]
[Black "Zhao, Yuanhe"]
[Result "1-0"]
[WhiteElo "2293"]
[BlackElo "2431"]
[Annotator "TA"]
[PlyCount "31"]
[EventDate "2019.03.07"]
[EventType "swiss"]
[EventCountry "VIE"]
[SourceTitle "playchess.com"]
[Source "ChessBase"]
[SourceQuality "1"]

{[%evp 14,24,6,8,226,238,239,222,237,232,229,228,226]} 1. d4 Nf6 2. c4 g6 3. Nc3 d5 4. Bf4 Bg7 5. e3 c5 6. dxc5 Qa5 7. Rc1 dxc4 8. Bxc4 Qxc5 $2 {[#] D82: Grünfeld: 4 Bf4} (8... O-O $11 {and Black is okay.}) (8... O-O 9. Nf3 Qxc5 10. Bb3 Nc6 11. O-O Qa5 12. h3 Bf5 13. Qe2 Ne4 14. Nd5 e5 15. Bh2 Be6 16. Rfd1 Rfd8 17. Qc4 Nf6 18. e4 Rac8 19. Ng5 Nd4 20. Ne7+ Kf8 21. Nxe6+ Kxe7 22. Nxd8 Rxc4 23. Bxc4 Nxe4 24. Nxf7 Qc5 25. Re1 Nf3+ 26. gxf3 Qxf2+ 27. Kh1 Qxf3+ 28. Kg1 Qf2+ {½-½ (28) Turov,M (2610)-Rakhmanov,A (2669) Finland 2018}) 9. Nb5 $1 $18 {White is clearly better.} Qb4+ 10. Kf1 {White wants to mate with Nc7+.} O-O {[#]} 11. a3 $1 {[%cal Ra3b4]} Qa5 ({Much worse is} 11... Qxb2 12. Rb1 $18) 12. b4 Qd8 {Predecessor:} 13. Qxd8 $146 Rxd8 14. Nc7 b5 15. Nxa8 bxc4 16. Bxb8 {½-½ (51) Bellahcene,B (2498)-Gahan,M (2249) Paris 2016} 1-0

[Event "9th HDBank Open 2019"]
[Site "Ho Chi Minh City"]
[Date "2019.03.13"]
[Round "9.12"]
[White "Sukandar, Irine Kharisma"]
[Black "Cheparinov, Ivan"]
[Result "0-1"]
[WhiteElo "2381"]
[BlackElo "2683"]
[Annotator "TA"]
[PlyCount "107"]
[EventDate "2019.03.07"]
[EventType "swiss"]
[EventCountry "VIE"]
[SourceTitle "playchess.com"]
[Source "ChessBase"]
[SourceQuality "1"]

{[%evp 17,107,20,37,18,40,13,23,13,22,20,20,16,12,16,24,10,19,0,0,0,6,0,0,0,0,2,75,68,88,0,0,-8,32,7,11,0,-7,-30,47,68,138,-18,-11,-13,0,-8,-11,-83,-38,-19,-19,-70,-47,-190,-208,-164,-40,-76,-68,-75,-76,-76,-71,-55,0,0,0,-466,-406,-407,-412,-490,-475,-570,-141,-439,-406,-1877,-1842,-1825,165,-1666,-1645,-1474,-1454,-29975,-29975,-29975,-29976,-29974,-29970,-29991]} 1. e4 c5 2. Nf3 d6 3. d4 cxd4 4. Nxd4 Nf6 5. Nc3 a6 6. f3 e5 7. Nb3 Be6 8. Be3 Nbd7 9. g4 b5 {[%cal Bb7b5,Bb5b4][%mdl 32]} 10. g5 {B90: Sicilian Najdorf: Unusual White 6th moves, 6 Be3 Ng4 and 6 Be3 e5} b4 11. Nd5 (11. Ne2 Ng8 12. f4 h6 13. f5 Bc4 14. g6 fxg6 15. Ng3 Bxf1 16. Rxf1 Ngf6 17. fxg6 Qc7 {1-0 (34) Aronian,L (2767)-So,W (2780) Saint Louis 2018}) 11... Nxd5 12. exd5 {White has an edge.} Bf5 13. Bd3 Bxd3 14. Qxd3 Be7 15. h4 O-O 16. O-O-O a5 17. Nd2 f5 $146 ({Predecessor:} 17... a4) 18. f4 Qc7 19. Kb1 a4 20. Nc4 e4 21. Qe2 Rfc8 (21... b3 $11) 22. b3 $16 Nc5 23. Bxc5 (23. Bd4 $16) 23... Qxc5 $11 24. Qe3 Rab8 25. Qxc5 Rxc5 26. Rd4 g6 27. h5 Rbb5 (27... axb3 $11 28. axb3 Bf8) 28. bxa4 Rxd5 ({Better is} 28... Rb7 $14) 29. Rhd1 $2 (29. axb5 $16 Rxd4 30. b6) 29... Rxd4 30. Rxd4 {[%mdl 4096] Endgame KRB-KRN} Rc5 31. hxg6 hxg6 32. Kc1 (32. Ne3 $11) 32... Kf7 33. Nxd6+ Ke6 34. Nb5 (34. Nc4 $11) 34... Rc8 $15 {[%mdl 1024] Strongly threatening ...Bc5. Black has compensation.} 35. Kd1 (35. Rd2 $15) 35... Bc5 $19 36. Rd2 Rh8 (36... Be3 $19 37. Rd6+ Ke7 38. Rxg6 Rd8+ 39. Ke1 Bd2+ 40. Ke2 Bxf4 41. Rg7+ Kf8) 37. Nd4+ Kf7 {Hoping for ...Rh1+.} 38. Nc6 Be3 $1 {[%cal Re3f4]} 39. Rd7+ Ke6 40. Rg7 Bc5 (40... Rh1+ $15 41. Ke2 Bxf4 42. Rxg6+ Kd7 43. Nxb4 Rh2+ 44. Kf1 e3) 41. Rxg6+ $11 Kd5 42. Ne5 $2 {[%mdl 8192]} (42. Rf6 $11) 42... Rh1+ $19 43. Ke2 Rh2+ 44. Kd1 {[#]} e3 $1 45. Nd3 Bd4 $2 (45... Rd2+ $19 {and Black stays clearly on top.} 46. Ke1 Bd4 47. Nxb4+ Ke4) 46. Nxb4+ $2 {[%mdl 8192]} (46. Rh6 $17 {was the only chance.} Rg2 47. Rh1 (47. Nxb4+ Ke4 $11)) 46... Ke4 47. Nd3 (47. Re6+ $142 Kxf4 48. Nd3+ Kxg5 49. Re8) 47... Bc3 48. Rh6 e2+ 49. Kc1 {[#]} Rg2 $1 {[%cal Rg2g1] ( -> ...Rg1+)} 50. Rh1 Rg3 51. a5 Rf3 {Black mates.} 52. Re1 Rf1 {[%mdl 64] Pin} 53. a6 Bxe1 54. Nxe1 {Accuracy: White = 30%, Black = 52%.} 0-1

[Event "9th HDBank Open 2019"]
[Site "Ho Chi Minh City"]
[Date "2019.03.13"]
[Round "9.13"]
[White "Hoang, Canh Huan"]
[Black "Demchenko, Anton"]
[Result "0-1"]
[WhiteElo "2394"]
[BlackElo "2678"]
[Annotator "TA"]
[PlyCount "114"]
[EventDate "2019.03.07"]
[EventType "swiss"]
[EventCountry "VIE"]
[SourceTitle "playchess.com"]
[Source "ChessBase"]
[SourceQuality "1"]

{[%evp 10,114,6,14,41,14,16,15,28,17,30,33,33,12,18,3,67,58,75,38,48,45,56,0,0,-25,57,0,0,0,0,1,0,0,-15,-25,0,-16,-4,-38,0,-23,-23,-31,-22,-8,-14,-47,-53,-45,-53,-56,-39,-36,-20,-55,-39,-47,-41,-35,-29,-37,-28,-37,-36,-29,0,-21,0,0,0,0,0,0,0,0,0,0,22,0,0,0,0,0,0,0,0,0,0,0,0,0,0,-701,-427,-463,-455,-459,-458,-375,-267,-1139,-956,-932,-782,-29990,-29991]} 1. e4 c5 2. Nf3 Nc6 3. Bb5 e6 4. O-O Nge7 5. Re1 a6 6. Bf1 b6 {B30: Sicilian: 2...Nc6 3 Bb5, lines without ...g6} (6... d5 7. exd5 Nxd5 8. d4 Nf6 9. Be3 Nd5 10. Bg5 f6 11. Bc1 cxd4 12. Nxd4 Nxd4 13. Qxd4 Bd6 14. g3 O-O 15. Bg2 Qc7 16. c3 Bc5 17. Qd3 {½-½ (70) Vidit,S (2711)-Lenic,L (2656) chess.com INT 2018}) 7. c3 Bb7 $146 ({Predecessor:} 7... d5 8. exd5 Nxd5 9. d4 cxd4 10. Nxd4 Bb7 11. Rxe6+ fxe6 12. Nxe6 Qe7 13. Qh5+ Qf7 14. Qe2 Kd7 15. Ng5 Qf5 16. c4 Nf4 17. Bxf4 Qxf4 18. Nc3 Nd4 19. Rd1 Bd6 {0-1 (19) Klima,L (2319)-Havelka,J (2320) Czech Republic 2018}) 8. d4 cxd4 {The position is equal.} 9. cxd4 d5 10. Nc3 dxe4 11. Rxe4 {Black should prevent d5.} Nd5 12. Rg4 f6 ({Better is} 12... Rc8 $11) 13. Bd3 Nce7 14. Qe2 Qd7 15. Bd2 Kf7 16. Ne4 (16. Re1 $14) 16... h5 $1 $11 {[%cal Rh5g4]} 17. Rh4 Kg8 ({Black should play} 17... Nf5 $11) 18. Ng3 (18. Rh3 $14) 18... g6 19. Re1 Nf5 20. Rh3 {aiming for Nxf5.} Kf7 $1 21. Ne4 $1 {[%cal Re4f6]} Bg7 22. a3 Rhe8 23. Bb1 Kg8 24. Qd3 Qb5 25. Qc2 Rac8 26. Nc3 Nxc3 27. Bxc3 Bd5 28. Nh4 Nxh4 29. Rxh4 f5 30. Qd2 Kf7 31. Bd3 Qa4 32. Bf1 Ra8 33. Rh3 Qd7 34. Rg3 Rg8 35. Be2 h4 36. Rh3 Bf6 37. Bf3 g5 38. Bxd5 Qxd5 39. Rhe3 Rae8 40. Qe2 g4 41. Qxa6 h3 {[%csl Gh3][%cal Rd5g2]} 42. Qf1 $1 Rg6 43. g3 Bg7 44. Rd1 Kg8 45. Rde1 Rf8 46. Bb4 Rf7 {Hoping for ...f4.} 47. Bc3 f4 48. Re4 fxg3 49. hxg3 Rgf6 $36 {[%mdl 2048] Black is more active.} 50. f4 gxf3 {( -> ...f2+)} 51. Kf2 $2 {[%mdl 8192]} (51. Qf2 $11) 51... Rh6 {And now ...h2 would win.} 52. Qd3 h2 53. Rh1 {[#]} Qf5 $1 54. d5 e5 55. Bb4 $2 (55. a4) 55... Rh3 $19 {White must now prevent ...Qg5.} 56. Bd2 {[#]} Rxg3 $1 {[%mdl 512]} 57. d6 (57. Kxg3 Qg6+) 57... Rg2+ {Accuracy: White = 42%, Black = 63%.} 0-1

[Event "9th HDBank Open 2019"]
[Site "Ho Chi Minh City"]
[Date "2019.03.13"]
[Round "9.14"]
[White "Setyaki, Azarya Jodi"]
[Black "Mareco, Sandro"]
[Result "1/2-1/2"]
[WhiteElo "2378"]
[BlackElo "2666"]
[Annotator "TA"]
[PlyCount "145"]
[EventDate "2019.03.07"]
[EventType "swiss"]
[EventCountry "VIE"]
[SourceTitle "playchess.com"]
[Source "ChessBase"]
[SourceQuality "1"]

{[%evp 31,145,13,27,0,38,-34,-35,-29,-33,-58,-64,-63,-66,-73,-68,-456,-467,-418,-204,-372,-376,-364,-194,-194,-194,-194,-185,-172,-162,-214,-207,-195,-202,-210,-213,-213,-193,-206,-202,-214,-216,-230,-222,-219,-209,-197,-195,-187,-177,-182,-185,-176,-159,-154,-165,-175,-161,-131,-13,-187,-187,-187,-187,-187,-187,-187,-187,-187,-187,-187,-187,-171,-8,0,0,-35,-36,-36,-26,-194,-192,-586,-586,-570,-543,-1745,-1747,-1512,-1211,-741,0,0,0,0,0,0,0,0,0,0,0,0,0,0,0,0,0,0,0,0,0,0,0,0,0,0]} 1. e4 c5 2. Nf3 d6 3. d4 cxd4 4. Nxd4 Nf6 5. Nc3 a6 6. f3 e5 7. Nb3 Be6 8. Be3 Nbd7 9. g4 Be7 10. Qd2 b5 11. O-O-O Nb6 12. g5 Nh5 {B90: Sicilian Najdorf: Unusual White 6th moves, 6 Be3 Ng4 and 6 Be3 e5} 13. Nd5 Nxd5 14. exd5 Bd7 15. Na5 Qc7 16. Rg1 O-O {LiveBook: 5 Games} 17. Bd3 Kh8 $146 ({Predecessor:} 17... g6 18. Kb1 Bd8 {1-0 (71) Fier,A (2570)-Warmerdam,M (2424) Rio Achaea 2018}) 18. Nc6 (18. Kb1 $14) 18... Bxc6 $15 19. dxc6 d5 $1 {[%cal Bd6d5,Bd5d4][%mdl 32]} (19... Qxc6 $6 20. Be4 $16) 20. Bf5 d4 21. Bf2 Qxc6 22. Be4 Qe6 $1 {[%cal Re6a2]} 23. Bxa8 $4 {[%mdl 8192]} (23. Kb1 $1 $15) 23... Qxa2 $19 {[%cal Ra2a1]} ({And not} 23... Rxa8 24. Kb1 $14) 24. c3 Rxa8 (24... Nf4 $142 25. Qc2 dxc3 26. bxc3 Ne2+ 27. Kd2 Rd8+ 28. Bd4 Rxd4+ 29. cxd4 Bb4+ 30. Kxe2 Qxc2+ 31. Ke3 exd4+ 32. Kf4 Bd6+ 33. Kg4 Qc8+ 34. Kh4 Qxa8) 25. Bxd4 $2 (25. b4 {is the only way for White.} Qc4 26. Kb2) 25... exd4 26. Qxd4 {[#]} Rc8 (26... b4 $142 $1 27. Qd5 (27. cxb4 Rc8+) 27... Qxd5 28. Rxd5 Nf4) 27. Rde1 Bf8 28. Qd7 Rb8 29. Qc7 Ra8 {Threatens to win with ...b4.} 30. Qb7 (30. Qc6 {was necessary.} Qa1+ 31. Kc2 Qa4+ 32. Kb1) 30... Rd8 {And now ...Nf4 would win.} 31. Qc7 Qa1+ $1 32. Kc2 Qa4+ 33. Kc1 Qf4+ 34. Qxf4 Nxf4 35. Re4 Ne6 36. Kc2 g6 37. h4 h6 38. gxh6 Kh7 39. Rd1 Rxd1 ({Don't play} 39... Bxh6 40. Rxd8 Nxd8 41. Re8 $15) 40. Kxd1 Kxh6 41. Re5 Be7 42. Rd5 Bxh4 43. Rd6 Nc5 44. b4 Nb7 ({Black should try} 44... Na4 $17 45. Kc2 Bf2 46. Rxa6 Nb6) 45. Rxa6 $2 (45. Rb6 $11 Nd8 46. Rxa6) 45... Bg3 $1 46. Rc6 Nd6 47. Ke2 Be5 48. Rc5 f6 49. c4 bxc4 {[%cal Bb5c4,Bc4c3][%mdl 32]} 50. b5 c3 51. b6 Kg5 $2 (51... Nb7 $1 $19 {[%cal Rb7c5]} 52. Rd5 g5) 52. Rc7 $1 $11 Nb5 53. Rc5 Nd4+ 54. Kd3 $1 Ne6 55. Rc6 $2 {[#]} (55. Rc8 $11 {and White stays safe.}) 55... Nd8 $1 $19 {[%cal Rd8c6]} 56. Rc7 $2 {[#]} (56. Rc4 {nothing else works.}) 56... Kf4 $1 57. Ke2 g5 58. Rd7 Ne6 59. b7 Nc5 60. Rd4+ Kf5 $2 {[#]} (60... Kg3 $19 61. Rg4+ Kh2) 61. b8=Q $1 $11 {[%mdl 512] The position is equal.} Bxb8 62. Rd5+ Be5 63. Rxc5 {[%mdl 4096] Endgame KR-KB} Ke6 64. Kd3 f5 65. Rc6+ Kf7 66. Rc5 Ke6 67. Rc6+ Ke7 68. Rc4 Kd6 69. Ra4 Bf6 70. Rc4 Ke6 71. Ra4 Kf7 72. Rc4 Kg6 73. Ra4 {Precision: White = 51%, Black = 64%.} 1/2-1/2

[Event "9th HDBank Open 2019"]
[Site "Ho Chi Minh City"]
[Date "2019.03.13"]
[Round "9.15"]
[White "Tran, Tuan Minh"]
[Black "Pham, Le Thao Nguyen"]
[Result "1-0"]
[WhiteElo "2556"]
[BlackElo "2374"]
[Annotator "TA"]
[PlyCount "87"]
[EventDate "2019.03.07"]
[EventType "swiss"]
[EventCountry "VIE"]
[SourceTitle "playchess.com"]
[Source "ChessBase"]
[SourceQuality "1"]

{[%evp 9,87,39,38,18,29,4,0,0,8,0,27,29,19,25,58,44,44,47,60,73,110,82,90,93,100,107,131,131,138,106,131,99,120,41,80,82,389,408,410,405,504,495,494,495,474,474,615,614,612,607,591,573,512,428,598,593,770,769,751,716,962,937,5630,1430,5467,5622,3299,2711,2451,2269,5318,2548,2358,1866,1618,1617,29983,875,29982,29968]} 1. c4 c6 2. Nf3 d5 3. e3 Bf5 (3... Nf6 4. Nc3 e6 5. b3 Bd6 6. Bb2 O-O 7. Be2 Nbd7 8. Rc1 a6 9. d4 Re8 10. O-O e5 11. dxe5 Nxe5 12. cxd5 c5 13. Nxe5 Bxe5 14. Bf3 Qd6 15. h3 b5 {1-0 (31) Nepomniachtchi,I (2763)-Saric,I (2695) St Petersburg 2018}) 4. Qb3 Qc7 5. cxd5 cxd5 6. Nc3 {A11: English Opening: 1...c6} e6 7. g4 $146 ({Predecessor:} 7. Nb5 Qc8 8. Nbd4 Ne7 9. Qa4+ Nd7 10. b4 f6 11. Bb2 {½-½ (39) Beliavsky,A (2603)-Van Foreest,J (2578) Teplice 2016}) 7... Bg6 $1 8. h4 {The position is equal.} f6 9. d4 Nc6 {...Nb4 is the strong threat.} 10. h5 Bf7 11. Bd2 $36 {[%mdl 2048] Black is under pressure.} a6 12. Rc1 Bd6 13. Bd3 Nge7 14. g5 {Black must now prevent h6.} f5 15. Ne2 Qd7 16. Kf1 Rc8 17. Kg2 e5 18. dxe5 Nxe5 19. Rxc8+ Qxc8 20. Nxe5 Bxe5 21. Qb4 ({White should play} 21. Rc1 $16 Qd7 22. f4) 21... Nc6 22. Qc5 f4 $2 {[%mdl 8192]} (22... Qd7 $16 {is more resistant.}) 23. exf4 $18 Bd4 24. Qd6 ({And not} 24. Nxd4 Qg4+ 25. Kf1 (25. Kh2 Qh4+ {[%mdl 64] Double Attack} 26. Kg2 Qg4+ 27. Kh2 Qh4+ {[%mdl 64] Double Attack} 28. Kg1 Qg4+ 29. Kh2 $11) 25... Qd1+ 26. Kg2 Qg4+ 27. Kh2 Qh4+ 28. Kg2 Qg4+ $11) 24... Qe6 25. Qxe6+ Bxe6 26. Nxd4 Nxd4 27. h6 Bf5 28. hxg7 Rg8 29. Bc3 Bxd3 30. Bxd4 {[%mdl 4096] Endgame KRB-KRB} Kf7 31. Rc1 Kg6 32. Rc7 h6 33. gxh6 Kxh6 34. Rxb7 Kh5 35. Kg3 Rc8 36. b3 Bh7 37. f3 Bg8 38. a3 Re8 39. Kf2 Ra8 40. Rc7 a5 41. Rb7 Kg6 42. Rb6+ Kf7 43. f5 (43. Rf6+ $142 Ke7 {[#]} 44. Rf8 $1 {[%mdl 512]} Re8 45. f5 $1 {[%mdl 512]} Kd8 46. f6 Be6 47. f7 Bxf7 48. Rxf7) 43... Ke7 44. Kg3 {Accuracy: White = 64%, Black = 22%.} 1-0